000 00527cab a2200193 4500
001 WB2502-22
008 090401t1989 xxu||||| |||| 00| 0 eng d
035 _a(Sirsi) u30669
041 _aeng
245 _aBuying farmland
260 _c1989
350 _a0
490 _aFarming News
_v13/1/89 p16
520 _aDescribes the services available from Soil Survey which provides a wide range of advice useful to farmland buyers.
650 _aLAND CLASSIFICATION
690 _aLAND
942 _n0
948 _c04/03/1997
999 _c20673
_d20673